[Event "Euskadi-ch"]
[Site "Pamplona"]
[Date "2018.04.08"]
[Round "7"]
[White "Otano Villanueva, Joseba"]
[Black "Nogues Fernandez, Ramon"]
[Result "0-1"]
[WhiteElo "1734"]
[BlackElo "2003"]
[PlyCount "168"]
[EventDate "2018.04.02"]
[EventType "swiss"]
[EventRounds "7"]
[EventCountry "ESP"]
[SourceTitle "EXT 2021"]
[Source "ChessBase"]
[SourceDate "2020.10.23"]
[SourceVersion "1"]
[SourceVersionDate "2020.10.23"]
[SourceQuality "1"]

1. d4 Nf6 2. g3 d5 3. Bg2 g6 4. Nf3 Bg7 5. 0-0 0-0 6. Nbd2 Bf5 7. c4 c6 8. e3 Nbd7 9. cxd5 cxd5 10. Nh4 Bd3 11. Re1 Rc8 12. Qb3 Ba6 13. Nb1 Nb6 14. Nc3 Qd7 15. Nf3 Rfd8 16. Ne5 Qe8 17. Bf1 Nc4 18. Nd3 b6 19. Nf4 Bb7 20. Nb5 a6 21. Nc3 e6 22. h3 Qe7 23. Kh2 Ne8 24. Rd1 f5 25. Bg2 Nf6 26. Bd2 Ne4 27. Nxe4 fxe4 28. h4 Rc7 29. Bc3 Bc6 30. Re1 a5 31. Qd1 Rdc8 32. Qg4 Bd7 33. Qe2 Qd6 34. Rac1 a4 35. f3 exf3 36. Bxf3 Qf8 37. Rf1 Nd6 38. Nxd5 Bb5 39. Nxc7 Bxe2 40. Bxe2 Qe7 41. Nb5 Nxb5 42. Bxb5 a3 43. b3 Qb7 44. Bd3 Bf8 45. Bc4 Qe4 46. Bd2 Re8 47. Rf4 Qb7 48. Rcf1 Bd6 49. Rf6 Qb8 50. Be1 Kg7 51. Bxe6 Qd8 52. d5 Qxf6 53. Rxf6 Kxf6 54. Bc3+ Be5 55. Bb4 Rd8 56. Kg2 Ra8 57. Kf3 Ra7 58. g4 h6 59. Ke4 Bb2 60. h5 gxh5 61. gxh5 Rg7 62. Bf8 Rh7 63. Bf5 Rh8 64. Bd6 Re8+ 65. Kf4 Bc1 66. Be4 Rc8 67. Be5+ Kf7 68. Bd4 b5 69. Bg6+ Ke7 70. Ke5 Bb2 71. d6+ Kd8 72. Kd5 Rc1 73. Bb6+ Kc8 74. Bf5+ Kb7 75. Bd4 Rd1 76. Kc5 Bxd4+ 77. exd4 Rd2 78. d7 Kc7 79. d5 Rxa2 80. d6+ Kd8 81. Kb4 Rf2 82. Bb1 a2 83. Bxa2 Rxa2 84. Kxb5 Kxd7 0-1

[Event "Benidorm op U2000 16th"]
[Site "Benidorm"]
[Date "2017.12.05"]
[Round "5"]
[White "Nogues Fernandez, Ramon"]
[Black "Cuellar Gutierrez, Raul"]
[Result "1/2-1/2"]
[WhiteElo "1950"]
[BlackElo "1923"]
[PlyCount "129"]
[EventDate "2017.12.01"]
[EventType "swiss"]
[EventRounds "10"]
[EventCountry "ESP"]
[SourceTitle "EXT 2019"]
[Source "ChessBase"]
[SourceDate "2018.10.10"]
[SourceVersion "1"]
[SourceVersionDate "2018.10.10"]
[SourceQuality "1"]

1. d4 Nf6 2. c4 g6 3. Nc3 d5 4. cxd5 Nxd5 5. e4 Nxc3 6. bxc3 Bg7 7. Be3 c5 8. Rc1 0-0 9. Nf3 Nc6 10. Be2 cxd4 11. cxd4 Bg4 12. d5 Bxf3 13. Bxf3 Ne5 14. Be2 b6 15. 0-0 Nd7 16. a4 Rc8 17. Bb5 Nc5 18. f3 Qd6 19. Rf2 Rfd8 20. Kh1 Be5 21. f4 Bg7 22. Qc2 Rc7 23. e5 Qxd5 24. Rd2 Qa8 25. Rxd8+ Qxd8 26. Qe2 Bf8 27. a5 e6 28. axb6 axb6 29. Rd1 Qa8 30. Qb2 Ra7 31. Bc4 Na4 32. Qb3 Bc5 33. Bc1 Be7 34. f5 gxf5 35. Bxe6 fxe6 36. Qxe6+ Kh8 37. Rd7 Nc5 38. Rxa7 Qxa7 39. Qxf5 Qd7 40. Qf1 Qd3 41. Qe1 Ne4 42. e6 Bf6 43. Bh6 Qd4 44. Be3 Qa1 45. Qxa1 Bxa1 46. Bxb6 Kg7 47. Bd8 Bf6 48. Bc7 Nc5 49. g4 Nxe6 50. Bd6 Kg6 51. Kg2 Bg5 52. Kg3 Bd8 53. h4 Bc7 54. Bxc7 Nxc7 55. Kf4 Kf6 56. g5+ Kg6 57. Kg4 Nd5 58. h5+ Kg7 59. Kf5 Ne7+ 60. Ke6 Ng6 61. Kf5 Ne7+ 62. Ke6 Kf8 63. g6 h6 64. g7+ Kxg7 65. Kxe7 1/2-1/2

[Event "Benidorm op U2000 16th"]
[Site "Benidorm"]
[Date "2017.12.03"]
[Round "3"]
[White "Nogues Fernandez, Ramon"]
[Black "Lopez Shchukina, Diego"]
[Result "1-0"]
[WhiteElo "1950"]
[BlackElo "1870"]
[PlyCount "67"]
[EventDate "2017.12.01"]
[EventType "swiss"]
[EventRounds "10"]
[EventCountry "ESP"]
[SourceTitle "EXT 2019"]
[Source "ChessBase"]
[SourceDate "2018.10.10"]
[SourceVersion "1"]
[SourceVersionDate "2018.10.10"]
[SourceQuality "1"]

1. d4 d5 2. c4 e6 3. Nf3 Nf6 4. g3 Ne4 5. a3 Be7 6. Bg2 0-0 7. 0-0 f5 8. Qc2 Nd7 9. Nc3 b6 10. cxd5 Ndf6 11. dxe6 Bxe6 12. Ng5 Bf7 13. Ngxe4 fxe4 14. Nxe4 Rc8 15. Ng5 Qxd4 16. Nxf7 Rxf7 17. Bh3 Ng4 18. e3 Qd7 19. Qe2 h5 20. f3 Rcf8 21. fxg4 Rxf1+ 22. Bxf1 hxg4 23. Bd2 Bg5 24. Bg2 Re8 25. Re1 Kh8 26. Bc1 Rd8 27. Qc4 c5 28. Qe4 Bf6 29. Qg6 Qa4 30. Be4 Kg8 31. Bc2 Qc4 32. Rf1 Kf8 33. Qe4 Qe2 34. Bb3 1-0

[Event "San Sebastian op 40th"]
[Site "San Sebastian"]
[Date "2017.04.09"]
[Round "2"]
[White "Becerra, Juan David"]
[Black "Nogues Fernandez, Ramon"]
[Result "1-0"]
[WhiteElo "2341"]
[BlackElo "1922"]
[PlyCount "95"]
[EventDate "2017.04.08"]
[EventType "swiss"]
[EventRounds "9"]
[EventCountry "ESP"]
[SourceTitle "CBM 177 Extra"]
[Source "ChessBase"]
[SourceDate "2017.04.27"]
[SourceVersion "1"]
[SourceVersionDate "2017.04.27"]
[SourceQuality "1"]

1. e4 e5 2. Nf3 Nc6 3. Bb5 f5 4. d3 fxe4 5. dxe4 Nf6 6. 0-0 Bc5 7. Bc4 Qe7 8. Nc3 Na5 9. Nd5 Nxd5 10. Bxd5 c6 11. Bg5 Qd6 12. Bb3 Nxb3 13. axb3 0-0 14. Qxd6 Bxd6 15. Rad1 Bc7 16. Be7 Re8 17. Bd6 Bxd6 18. Rxd6 b6 19. Rfd1 Re7 20. h4 c5 21. c3 Bb7 22. Rxd7 Rxd7 23. Rxd7 Bxe4 24. Nxe5 Bc2 25. b4 cxb4 26. cxb4 Bf5 27. Rc7 Be4 28. h5 Re8 29. Nc4 Ra8 30. Nd6 Bd3 31. Nc8 b5 32. Nxa7 Re8 33. Nc6 Re1+ 34. Kh2 Re2 35. Kg3 h6 36. Ne7+ Kh7 37. Nd5 Re6 38. Nf4 Rd6 39. Rc5 Bf1 40. Rc8 Bd3 41. Rb8 Bc4 42. Ng6 Bg8 43. Rxb5 Rd2 44. f4 Rxb2 45. f5 Bf7 46. Rb8 Bg8 47. f6 Rb3+ 48. Kh2 1-0

[Event "Donostia Gipuzkoa-ch"]
[Site "San Sebastian"]
[Date "2013.10.12"]
[Round "2"]
[White "Nogues Fernandez, Ramon"]
[Black "Argandona Riveiro, Inigo"]
[Result "0-1"]
[WhiteElo "1934"]
[BlackElo "2408"]
[PlyCount "136"]
[EventDate "2013.10.05"]
[EventType "swiss"]
[EventRounds "7"]
[EventCountry "ESP"]
[SourceTitle "EXT 2015"]
[Source "ChessBase"]
[SourceDate "2014.11.20"]
[SourceVersion "1"]
[SourceVersionDate "2014.11.20"]
[SourceQuality "1"]

1. d4 Nf6 2. Nf3 g6 3. c4 Bg7 4. Nc3 0-0 5. e4 d6 6. Be2 Nbd7 7. 0-0 e5 8. dxe5 dxe5 9. h3 c6 10. Be3 Qe7 11. Qc2 Nc5 12. Rfe1 Nh5 13. Rad1 Ne6 14. Bf1 Qf6 15. Rd6 Nd4 16. Rxd4 exd4 17. Bxd4 Qe7 18. Be3 Nf6 19. Bf4 Nd7 20. e5 Nc5 21. Bg3 Bf5 22. Qd2 Rfd8 23. Qf4 Nd3 24. Bxd3 Rxd3 25. Ne4 Bxe4 26. Rxe4 Re8 27. Bh4 Qe6 28. Bg5 Qf5 29. Qxf5 gxf5 30. Re1 Re6 31. Kf1 Rd7 32. b3 c5 33. g3 h6 34. Bf4 f6 35. exf6 Rxe1+ 36. Kxe1 Bxf6 37. Bxh6 Rh7 38. Be3 Rxh3 39. Bxc5 Rh1+ 40. Ke2 Ra1 41. a4 b6 42. Be3 Ra3 43. Nd2 Bc3 44. c5 bxc5 45. Bxc5 Ra2 46. Be3 Rb2 47. Kd3 Bxd2 48. Bxd2 Rxb3+ 49. Kc4 Rb2 50. Be3 a5 51. Bc5 Kf7 52. Kc3 Rb1 53. Kc2 Rb7 54. Kc3 Ke6 55. Kc4 Rb2 56. Bf8 Rb1 57. Bc5 Ke5 58. Be7 Ke4 59. Bf8 Kf3 60. Bc5 Rc1+ 61. Kb5 Rxc5+ 62. Kxc5 Kxf2 63. Kb5 Kxg3 64. Kxa5 f4 65. Kb6 f3 66. a5 f2 67. a6 f1Q 68. Kb7 Qb5+ 0-1

[Event "Donostia Gipuzkoa-ch"]
[Site "San Sebastian"]
[Date "2012.12.01"]
[Round "7"]
[White "Nogues Fernandez, Ramon"]
[Black "Elduayen Etxave, Ramon"]
[Result "1/2-1/2"]
[WhiteElo "1903"]
[BlackElo "1664"]
[PlyCount "127"]
[EventDate "2012.10.20"]
[EventType "swiss"]
[EventRounds "7"]
[EventCountry "ESP"]
[SourceTitle "EXT 2014"]
[Source "ChessBase"]
[SourceDate "2013.11.20"]
[SourceVersion "1"]
[SourceVersionDate "2013.11.20"]
[SourceQuality "1"]

1. d4 d6 2. c4 e5 3. Nf3 exd4 4. Nxd4 Nf6 5. g3 Be7 6. Bg2 d5 7. 0-0 0-0 8. Qc2 c6 9. b3 dxc4 10. Qxc4 Nd5 11. Bb2 Nb6 12. Qc2 Bd7 13. Rd1 Qc8 14. Nd2 Na6 15. a3 Nc7 16. e4 Ne6 17. Nf5 Qd8 18. Nxe7+ Qxe7 19. Rac1 Rad8 20. f4 Bc8 21. f5 Nd4 22. f6 Qxf6 23. Qd3 Ne2+ 24. Qxe2 Qxb2 25. a4 Bg4 26. Qxg4 Rxd2 27. Rxd2 Qxd2 28. Qf4 Qxf4 29. gxf4 Rd8 30. a5 Nc8 31. a6 bxa6 32. Rxc6 Nb6 33. Rc3 g6 34. Kf2 Rd2+ 35. Kg3 a5 36. e5 Ra2 37. Bh3 a4 38. bxa4 Rxa4 39. e6 Re4 40. Rc7 fxe6 41. Rxa7 Nd5 42. Bg2 Re3+ 43. Kf2 Rd3 44. Bxd5 exd5 45. Rd7 d4 46. Ke2 Re3+ 47. Kf2 Rd3 48. Ke2 Rh3 49. Rxd4 Rxh2+ 50. Kf3 Kg7 51. Kg3 Ra2 52. Rd6 Ra5 53. Kg4 h5+ 54. Kh4 Ra1 55. Rb6 Rg1 56. f5 Rg4+ 57. Kh3 gxf5 58. Rb5 Kf6 59. Ra5 Kg5 60. Ra8 Kf4 61. Ra4+ Kg5 62. Ra8 Kf4 63. Ra4+ Kg5 64. Ra8 1/2-1/2

[Event "Gipuzkoa Province-ch"]
[Site "Azkoitia"]
[Date "2010.11.13"]
[Round "5"]
[White "Franco Alonso, Alejandro"]
[Black "Nogues Fernandez, Ramon"]
[Result "1-0"]
[WhiteElo "2490"]
[BlackElo "1908"]
[PlyCount "87"]
[EventDate "2010.10.16"]
[EventType "swiss"]
[EventRounds "7"]
[EventCountry "ESP"]
[SourceTitle "EXT 2014"]
[Source "ChessBase"]
[SourceDate "2013.11.20"]
[SourceVersion "1"]
[SourceVersionDate "2013.11.20"]
[SourceQuality "1"]

1. Nf3 Nf6 2. c4 d6 3. d4 g6 4. Nc3 Bg7 5. e4 0-0 6. Be2 c5 7. 0-0 cxd4 8. Nxd4 Nc6 9. Be3 Bd7 10. Qd2 Nxd4 11. Bxd4 Bc6 12. f3 a5 13. Rab1 Nd7 14. Be3 Nc5 15. Rfc1 Bd7 16. Rd1 Bc6 17. Bf1 Re8 18. Kh1 Rc8 19. b3 Ra8 20. Qe1 Qb8 21. Rbc1 b6 22. Qf2 Qb7 23. Nd5 e6 24. Nc3 Rad8 25. Bg5 Rd7 26. Qh4 Qb8 27. Bf6 Bxf6 28. Qxf6 Qd8 29. Qd4 Qg5 30. Rc2 f5 31. exf5 gxf5 32. Qf2 f4 33. Rcd2 Red8 34. Bd3 Nxd3 35. Rxd3 Qc5 36. Qe1 Qf5 37. Qd2 Kf7 38. Qf2 Qc5 39. Qh4 Qf5 40. Ne4 Bxe4 41. fxe4 Qxe4 42. Rd4 Qc2 43. Rxf4+ Kg8 44. Rg4+ 1-0

[Event "San Sebastian op 33rd"]
[Site "San Sebastian"]
[Date "2010.04.03"]
[Round "8"]
[White "Nogues Fernandez, Ramon"]
[Black "Andres Gonzalez, Ivan"]
[Result "0-1"]
[WhiteElo "1894"]
[BlackElo "2340"]
[PlyCount "68"]
[EventDate "2010.03.28"]
[EventType "swiss"]
[EventRounds "9"]
[EventCountry "ESP"]
[SourceTitle "CBM 135 Extra"]
[Source "ChessBase"]
[SourceDate "2010.05.04"]
[SourceVersion "1"]
[SourceVersionDate "2010.05.04"]
[SourceQuality "1"]

1. e4 c5 2. Nf3 Nc6 3. d4 cxd4 4. Nxd4 Nf6 5. Nc3 d6 6. f3 e5 7. Nb3 Be6 8. Be3 Be7 9. Qd2 a5 10. Bb5 0-0 11. Rd1 Na7 12. a4 Nxb5 13. axb5 a4 14. Nc1 Qc7 15. N1e2 Rfd8 16. Nd5 Nxd5 17. exd5 Bf5 18. c3 Qc4 19. Ng3 Bd7 20. Qe2 Bxb5 21. Qxc4 Bxc4 22. Nf5 Bf8 23. Bc1 Bb3 24. Kf2 Bxd1 25. Rxd1 g6 26. Ne3 Bh6 27. Nc2 Bxc1 28. Rxc1 Ra5 29. Rd1 Rc8 30. Na3 Rcc5 31. c4 Ra6 32. Rd2 Rb6 33. Ke2 Rb3 34. Rc2 b5 0-1

[Event "San Sebastian op 33rd"]
[Site "San Sebastian"]
[Date "2010.03.28"]
[Round "1"]
[White "Recuero Guerra, David"]
[Black "Nogues Fernandez, Ramon"]
[Result "1-0"]
[WhiteElo "2481"]
[BlackElo "1894"]
[PlyCount "67"]
[EventDate "2010.03.28"]
[EventType "swiss"]
[EventRounds "9"]
[EventCountry "ESP"]
[SourceTitle "CBM 135 Extra"]
[Source "ChessBase"]
[SourceDate "2010.05.04"]
[SourceVersion "1"]
[SourceVersionDate "2010.05.04"]
[SourceQuality "1"]

1. e4 d6 2. d4 Nf6 3. Nc3 e5 4. Nf3 Nbd7 5. Bc4 Be7 6. a4 0-0 7. 0-0 c6 8. a5 exd4 9. Nxd4 Nxe4 10. Nxe4 d5 11. Bxd5 cxd5 12. Ng3 g6 13. a6 Nc5 14. axb7 Bxb7 15. Re1 Bf6 16. Be3 Ne4 17. c3 Re8 18. Nf3 a6 19. Bd4 Rc8 20. Nf1 Bxd4 21. Qxd4 Nd6 22. Rxe8+ Qxe8 23. Ne3 Nb5 24. Qh4 Qf8 25. Rd1 Nc7 26. Ng4 h5 27. Nf6+ Kg7 28. Qd4 Kh6 29. Qf4+ Kg7 30. Qe5 Kh6 31. Qg5+ Kg7 32. Nxh5+ Kh7 33. Nf6+ Kg7 34. Nd4 1-0

[Event "Gipuzkoa-ch"]
[Site "Zarautz"]
[Date "2009.11.21"]
[Round "5"]
[White "Argandona Riveiro, Jon"]
[Black "Nogues Fernandez, Ramon"]
[Result "1/2-1/2"]
[WhiteElo "1996"]
[BlackElo "1861"]
[PlyCount "93"]
[EventDate "2009.10.24"]
[EventType "swiss"]
[EventRounds "7"]
[EventCountry "ESP"]
[SourceTitle "EXT 2012"]
[Source "ChessBase"]
[SourceDate "2011.11.24"]
[SourceVersion "1"]
[SourceVersionDate "2011.11.24"]
[SourceQuality "1"]

1. e4 e6 2. d3 d5 3. Nd2 Nf6 4. Ngf3 c5 5. Be2 Nc6 6. 0-0 Bd6 7. Re1 0-0 8. c3 Qc7 9. Qc2 b6 10. Nf1 Bb7 11. Bg5 dxe4 12. dxe4 Ne5 13. Bxf6 gxf6 14. Nxe5 Bxe5 15. g3 Rfd8 16. Ne3 Bd6 17. Ng4 Be7 18. Bd1 h5 19. Ne3 h4 20. Ng4 hxg3 21. hxg3 Kg7 22. Qe2 Rh8 23. Nh2 f5 24. Bc2 Rh6 25. f4 Rah8 26. Nf3 fxe4 27. Bxe4 f5 28. Bxb7 Qxb7 29. Qg2 c4 30. Nh4 Qxg2+ 31. Nxg2 Bc5+ 32. Kf1 Rg6 33. b4 cxb3 34. axb3 a5 35. b4 axb4 36. cxb4 Rh1+ 37. Ke2 Rxe1+ 38. Nxe1 Bxb4 39. Kf2 Bc5+ 40. Kg2 Kf6 41. Nf3 Rg8 42. Ra7 Rd8 43. Ne5 Rd2+ 44. Kh3 Be7 45. Nd7+ Kg6 46. Ne5+ Kf6 47. Nd7+ 1/2-1/2

[Event "San Sebastian op 19th"]
[Site "San Sebastian"]
[Date "2009.09.30"]
[Round "7"]
[White "Inkiov, Ventzislav"]
[Black "Nogues Fernandez, Ramon"]
[Result "1-0"]
[WhiteElo "2473"]
[BlackElo "1861"]
[PlyCount "55"]
[EventDate "2009.09.25"]
[EventType "swiss"]
[EventRounds "9"]
[EventCountry "ESP"]
[SourceTitle "EXT 2010"]
[Source "ChessBase"]
[SourceDate "2010.11.25"]
[SourceVersion "1"]
[SourceVersionDate "2010.11.25"]
[SourceQuality "1"]

1. d4 Nf6 2. c4 c5 3. d5 e6 4. Nc3 exd5 5. cxd5 d6 6. e4 g6 7. f4 Bg7 8. e5 Nfd7 9. Nb5 dxe5 10. Nd6+ Ke7 11. Nxc8+ Qxc8 12. Nf3 Re8 13. Bb5 a6 14. Ba4 Kf8 15. f5 e4 16. Ng5 b5 17. Bc2 Ra7 18. 0-0 Nf6 19. fxg6 hxg6 20. Be3 Ng4 21. Ne6+ Rxe6 22. Qxg4 Re8 23. Qxg6 Kg8 24. Qg3 f5 25. b4 Nd7 26. Rxf5 cxb4 27. Bxa7 Qxc2 28. Bd4 1-0

[Event "San Sebastian Nagusia op"]
[Site "San Sebastian"]
[Date "2008.12.06"]
[Round "7"]
[White "Garro Beraza, Julen"]
[Black "Nogues Fernandez, Ramon"]
[Result "1/2-1/2"]
[WhiteElo "1761"]
[BlackElo "1824"]
[PlyCount "62"]
[EventDate "2008.10.25"]
[EventType "swiss"]
[EventRounds "7"]
[EventCountry "ESP"]
[SourceTitle "EXT 2011"]
[Source "ChessBase"]
[SourceDate "2010.11.26"]
[SourceVersion "1"]
[SourceVersionDate "2010.11.26"]
[SourceQuality "1"]

1. e4 e5 2. Nf3 Nc6 3. Bb5 a6 4. Ba4 Nf6 5. 0-0 Be7 6. Re1 b5 7. Bb3 0-0 8. d3 d6 9. c3 Nd7 10. d4 Bf6 11. Be3 exd4 12. cxd4 Na5 13. Bc2 Nc4 14. Bc1 c5 15. Nc3 cxd4 16. Nd5 d3 17. Nxf6+ Qxf6 18. Qxd3 Nc5 19. Qd4 Qxd4 20. Nxd4 Bb7 21. b3 Ne5 22. Ba3 Ncd3 23. Bxd3 Nxd3 24. Re3 Nc5 25. f3 g6 26. e5 dxe5 27. Rxe5 Nd7 28. Re7 Rfd8 29. Rc1 Bd5 30. Ne2 Nf8 31. Nf4 Ne6 1/2-1/2

[Event "San Sebastian Nagusia op"]
[Site "San Sebastian"]
[Date "2008.10.25"]
[Round "1"]
[White "Urretabizkaia Merino, Asier"]
[Black "Nogues Fernandez, Ramon"]
[Result "1-0"]
[WhiteElo "2066"]
[BlackElo "1824"]
[PlyCount "55"]
[EventDate "2008.10.25"]
[EventType "swiss"]
[EventRounds "7"]
[EventCountry "ESP"]
[SourceTitle "EXT 2011"]
[Source "ChessBase"]
[SourceDate "2010.11.26"]
[SourceVersion "1"]
[SourceVersionDate "2010.11.26"]
[SourceQuality "1"]

1. d4 Nf6 2. c4 c5 3. d5 g6 4. Nc3 Bg7 5. e4 d6 6. Nf3 0-0 7. Be2 e6 8. 0-0 exd5 9. cxd5 Re8 10. Nd2 Na6 11. Re1 Nc7 12. a4 b6 13. Qc2 Rb8 14. Nc4 a6 15. Bf4 Bf8 16. Rad1 b5 17. Na5 Ncxd5 18. Rxd5 Qxa5 19. Bxd6 Nxd5 20. Bxb8 Nb4 21. Qd2 Be6 22. Qf4 Qb6 23. Bc7 Qb7 24. axb5 axb5 25. Bxb5 Rc8 26. Be5 Nc6 27. Bxc6 Qxc6 28. Qf6 1-0